000 00518nam a2200169 a 4500
001 000028404
005 20200930054927.0
008 110408s1987 dr 000 0 spa d
040 _aDO-SdBNP
_bspa
_cBNPHU
082 _axxxx
_bH557c
100 1 _aHernández R., Luis A.
_955359
245 1 0 _aConfesión de fe y reglamento local /
_cLuis A. Hernández R.
260 _a[Santo Domingo] :
_bIglesia de Jesucristo Fuente de Amor,
_c1987.
300 _a58 p. ;
_c20 cm.
504 _aBibliografía : p. 55
049 _aBNPD
999 _c27896
_d27896